| 000 | 00701nam a22001817a 4500 | ||
|---|---|---|---|
| 008 | 090713t xxu||||| |||| 00| 0 eng d | ||
| 082 |
_a281.720962 _bCOP _222 |
||
| 110 | 1 |
_aBusiness Magazine & Multimedia. _98007 |
|
| 245 | 0 | 0 |
_aThe Coptic Museum, Old Churches & Monument _h[videorecording] / _cBusiness Magazine & Multimedia. |
| 260 |
_a[Egypt] : _bBusiness Magazine & Multimedia, [2000?] _c[2000?] |
||
| 300 |
_a1 videodisc (120 min.) : _bsd., col. ; _c4 3/4 in. |
||
| 306 | _a120 min. | ||
| 610 |
_914215 _aCoptic Church |
||
| 650 | 0 |
_aChristian antiquities _zEgypt. _914218 |
|
| 651 |
_914214 _aEgypt _xReligious life and customs |
||
| 651 |
_914217 _aEgypt _xChurch history |
||
| 942 |
_2ddc _cCDVDDOC |
||
| 999 |
_c12350 _d12350 |
||